| 000 | 00420nam a2200181Ia 4500 | ||
|---|---|---|---|
| 008 | 170918s9999 xx 000 0 und d | ||
| 020 | _a345417623 | ||
| 050 | _bC928ti 1999 | ||
| 100 | _aCrichton, Michael | ||
| 245 | _aTimeline / | ||
| 245 | _cby Michael Crichton. | ||
| 260 | _aUSA : | ||
| 260 | _bBallantine Book, | ||
| 260 | _c1999 | ||
| 300 | _a550 pages : | ||
| 300 | _billustrations ; | ||
| 300 | _c17cm. | ||
| 999 |
_c343427 _d343427 |
||